000 00277nam a2200097Ia 4500
008 220216s9999 xx 000 0 und d
245 0 _aSupplying cup holders to young trees in tapping (Planting notes)
260 _bRubber Board Bulletin
_c1962-63
300 _a22-23
942 _cJS
999 _c69977
_d69977